Statistics for Family Feud: Name something associated with vampires

Click here to take the quiz!

General Stats

  • This quiz has been taken 137 times
  • The average score is 4 of 8

Answer Stats

HintAnswer% Correct
2Blood
92%
3Garlic
70%
4Bat
62%
7Fangs
61%
6Dracula
48%
5Cape
42%
1Twilight
37%
8Halloween
16%

Score Distribution

Percentile by Number Answered

Percent of People with Each Score

Your Score History

You have not taken this quiz